Fuente ovejuna / (Registro nro. 8949)
[ vista simple ]
| 000 -LIDER | |
|---|---|
| fixed length control field | 00619nam a22002177a 4500 |
| 003 - IDENTIFICACDOR DE NÚMERO DE CONTROL | |
| control field | DO-SdBNP |
| 005 - DATE AND TIME OF LATEST TRANSACTION | |
| control field | 20180510142528.0 |
| 008 - ELEMENTOS DE LONGITUD FIJA | |
| fixed length control field | 151127b 19??. xxu||||| |||| 00| 0 spa d |
| 040 ## - FUENTE DE CATALOGACIÓN | |
| Agencia que crea de manera original el registro | BPMSU |
| Idioma de catalogación | spa |
| Agencia que realiza la transcripción | BPMSU |
| 100 1# - ASIENTO PRINCIPAL -- NOMBRE PERSONAL | |
| Nombre personal | Vega, Lope de |
| 245 10 - MENCIÓN DE TITULO | |
| Título | Fuente ovejuna / |
| Mención de responsabilidad | Lope de Vega. |
| 260 ## - PUBLICACIÓN, DISTRIBUCIÓN, ETC. (PIE DE IMPRENTA) | |
| Lugar de publicación, distribución, etc | Lima, Peru : |
| Nombre del editor, distribuidor, etc. | Santa Barbara, |
| Fecha de publicación, distribución, etc | [19??]. |
| 300 ## - DESCRIPCIÓN FÍSICA | |
| Extensión | 130 p. |
| Otros detalles físicos | il. ; |
| Dimensiones | 15 cm. |
| 490 1# - MENCIÓN DE SERIES | |
| Mención de serie | Saber humano |
| 490 1# - MENCIÓN DE SERIES | |
| Mención de serie | Obras literarias de colección |
| 830 #0 - ASIENTO SECUNDARIO DE SERIE--TÍTULO UNIFORME | |
| Título uniforme | Saber humano |
| 830 #0 - ASIENTO SECUNDARIO DE SERIE--TÍTULO UNIFORME | |
| Título uniforme | Obras literarias de colección |
| 942 ## - ADDED ENTRY ELEMENTS (KOHA) | |
| Source of classification or shelving scheme | Dewey Decimal Classification |
| Koha item type | Libros |
| 945 ## - INFORMACIÓN DE PROCESAMIENTO LOCAL | |
| Información de procesamiento local | Inventariado, 2018/MFF |
| 956 ## - LOCAL ELECTRONIC LOCATION AND ACCESS (OCLC) | |
| Nombre de host | Lorenza Pérez |
| Número de acceso | 10 |
| Withdrawn status | Lost status | Source of classification or shelving scheme | Damaged status | Not for loan | Home library | Current library | Date acquired | Source of acquisition | Total Checkouts | Barcode | Date last seen | Price effective from | Koha item type |
|---|---|---|---|---|---|---|---|---|---|---|---|---|---|
| Dewey Decimal Classification | Biblioteca Pública Metropolitana Salomé Ureña | Biblioteca Pública Metropolitana Salomé Ureña | 11/27/2015 | Donación | BPMSU15110533 | 11/27/2015 | 11/27/2015 | Libros |